Central Library OPAC University of Rajshahi

Life and work in medieval Europe (fifth to fifteenth centuries) / (Record no. 24645)

MARC details
000 -LEADER
fixed length control field 01043cam a2200277u 4500
001 - CONTROL NUMBER
control field 24645
003 - CONTROL NUMBER IDENTIFIER
rucl marc code BD-RjUL
005 - DATE AND TIME OF LATEST TRANSACTION
control field 20211209001058.0
008 - FIXED-LENGTH DATA ELEMENTS--GENERAL INFORMATION
fixed length control field 140315r19491927enka 001 0 eng
035 ## - SYSTEM CONTROL NUMBER
System control number (BD-RjUL)24714
040 ## - CATALOGING SOURCE
Original cataloging agency DLC
Transcribing agency CarP
Modifying agency DLC
-- BD-RjUL
Language of cataloging eng
041 ## - LANGUAGE CODE
Language code of text/sound track or separate title eng
082 00 - DEWEY DECIMAL CLASSIFICATION NUMBER
Classification number 330.9401
Author mark and year BOL 1949
100 1# - MAIN ENTRY--PERSONAL NAME
Personal name Boissonnade, P.
Fuller form of name (Prosper),
Dates associated with a name 1862-1935.
9 (RLIN) 75844
245 10 - TITLE STATEMENT
Title Life and work in medieval Europe (fifth to fifteenth centuries) /
Statement of responsibility, etc. by P. Boissonnade ... Translated, with an introd. by Eileen Power.
260 ## - PUBLICATION, DISTRIBUTION, ETC. (IMPRINT)
Place of publication, distribution, etc. London :
Name of publisher, distributor, etc. K. Paul, Trench, Trubner & co., ltd.;
Date of publication, distribution, etc. [Impression 1949].
300 ## - PHYSICAL DESCRIPTION
Pagination xix, 395, [1] p. :
Illustrations viii pl. (incl. front. ) ;
Size 25 cm.
504 ## - BIBLIOGRAPHY, ETC. NOTE
Bibliography, etc Includes bibliographical references and index.
650 #0 - SUBJECT ADDED ENTRY--TOPICAL TERM
Topical term or geographic name as entry element Labor and laboring classes
General subdivision History. [from old catalog]
9 (RLIN) 75845
Topical term or geographic name as entry element Industries
General subdivision History.
9 (RLIN) 7665
651 #0 - SUBJECT ADDED ENTRY--GEOGRAPHIC NAME
Geographic name Europe
General subdivision Social conditions.
9 (RLIN) 65383
700 1# - ADDED ENTRY--PERSONAL NAME
Personal name Power, Eileen,
Dates associated with a name 1889-1940,
Relator term tr.
942 ## - ADDED ENTRY ELEMENTS (KOHA)
Source of classification or shelving scheme Dewey Decimal Classification
Koha item type Books
Holdings
Lost status Source of classification or shelving scheme Damaged status Not for loan Collection code Permanent Location Current Location Shelving location Date acquired Source of acquisition Cost, normal purchase price Total Checkouts Full call number Date last seen Copy number Koha item type
  Dewey Decimal Classification     Non-fiction Central Library, University of Rajshahi Central Library, University of Rajshahi   06/12/1957 Pub. United 24.60   330.9401 BOL 1949 15/03/2014 C-2 Books
  Dewey Decimal Classification   Added to bundle Non-fiction Central Library, University of Rajshahi Central Library, University of Rajshahi Reading Room 26/11/1957 Pak. American com. 22.80   330.9401 BOL 1949 15/03/2014 C-1 Books